Hráči českého internetového trhu

E-obchod v Českej republike. Najväčší lídri internetového maloobchodného predaja : Internet Mall, Internet Shops a Obchodní-dům. Aké produkty ponúkajú a aké sú ich tržby. Trendy v nakupovaní cez internet.

Salvato in:
Dettagli Bibliografici
Autore principale: Iliev, Vladimír
Natura: Capitolo di libro
Lingua:ceco
Soggetti:
Tags: Aggiungi Tag
Nessun Tag, puoi essere il primo ad aggiungerne!!

MARC

LEADER 00000naa$a2200000$$$4500
001 0035303
005 20231018124951.8
041 0 |a cze 
044 |a CZ 
245 1 0 |a Hráči českého internetového trhu  |c Vladimír Iliev 
520 |a E-obchod v Českej republike. Najväčší lídri internetového maloobchodného predaja : Internet Mall, Internet Shops a Obchodní-dům. Aké produkty ponúkajú a aké sú ich tržby. Trendy v nakupovaní cez internet. 
610 2 0 |a obchod elektronický 
610 2 0 |a internet 
610 2 0 |a technológie komunikačné 
610 2 0 |a technológie informačné 
610 2 0 |a maloobchod 
610 2 0 |a produkty 
610 2 0 |a spoločnosti 
610 2 0 |a zákazníci 
610 2 0 |a Česko 
100 1 |a Iliev, Vladimír